000 00361pab a2200145 454500
008 180718b1989 xxu||||| |||| 00| 0 eng d
100 _aBhargava, Gopal
245 _aMr. Jagmohan's talk on urban crisis and conflicts in Third World
260 _c1989
300 _a9
362 _aApr.
650 _aUrbanisation
773 _aCivic Affairs
909 _a20145
999 _c20145
_d20145